[Event "Asian Zonal 3.3 Women 2019"]
[Site "Ulaanbaatar"]
[Date "2019.04.08"]
[Round "2.17"]
[White "Khanyl, Chuluuntuya"]
[Black "Margadgua, Erdenebayar"]
[Result "0-1"]
[WhiteElo "1375"]
[BlackElo "1585"]
[Annotator "NA RC"]
[PlyCount "66"]
[EventDate "2019.04.07"]
[EventType "swiss"]
[EventRounds "9"]
[EventCountry "MGL"]
[SourceTitle "playchess.com"]
[Source "ChessBase"]
[SourceQuality "1"]
[TimeControl "40/5400+30:1800+30"]

1. e4 c5 2. Nf3 d6 3. d4 cxd4 4. Nxd4 Nf6 5. Nc3 a6 6. Nb3 e5 7. Bg5 Be6 8. Be2 Be7 9. Bxf6 Bxf6 10. Bg4 O-O 11. O-O Nc6 12. Nd5 Bxd5 13. Qxd5 Qc7 14. c3 Ne7 15. Qd3 Rad8 16. Bf3 Bg5 17. Nd2 f5 18. exf5 d5 19. Qe2 Nxf5 20. Bg4 e4 21. Nb3 Bf4 22. g3 Be5 23. Bxf5 Rxf5 24. Nd4 Bxd4 25. cxd4 Qc4 26. Qd2 Rdf8 27. Rfc1 Qa4 28. Rf1 Rf3 29. b3 Qb5 30. Rac1 e3 31. Qc2 e2 32. Rfe1 Rxf2 33. a4 Rf1+ 0-1

[Event "Asian Zonal 3.3 Women 2019"]
[Site "Ulaanbaatar"]
[Date "2019.04.08"]
[Round "2.18"]
[White "Ng, Sau Wai"]
[Black "Urangoo, Kherlenzorig"]
[Result "0-1"]
[WhiteElo "1154"]
[BlackElo "1475"]
[Annotator "NA RC"]
[PlyCount "96"]
[EventDate "2019.04.07"]
[EventType "swiss"]
[EventRounds "9"]
[EventCountry "MGL"]
[SourceTitle "playchess.com"]
[Source "ChessBase"]
[SourceQuality "1"]
[TimeControl "40/5400+30:1800+30"]

1. Nf3 d5 2. g3 e6 3. Bg2 Nf6 4. O-O c5 5. b3 Nc6 6. Bb2 b6 7. d3 Bb7 8. Nbd2 Be7 9. Re1 O-O 10. e4 dxe4 11. Nxe4 Rc8 12. Qe2 Nxe4 13. dxe4 Qc7 14. Qc4 Rcd8 15. a3 Rd7 16. Qc3 Bf6 17. e5 Be7 18. Re2 Rfd8 19. Qe3 Rd1+ 20. Re1 R1d7 21. h4 Ba8 22. Ng5 h6 23. Nh3 Nd4 24. Rac1 Bxg2 25. Kxg2 Qc6+ 26. Qe4 Qxe4+ 27. Rxe4 Nc6 28. c4 Na5 29. Re3 Rd3 30. Rc3 Rxe3 31. Rxe3 Rd1 32. Nf4 g5 33. Nh5 Kf8 34. Nf6 Rd8 35. hxg5 hxg5 36. Bc1 Kg7 37. Rf3 Kg6 38. Ne4 Nc6 39. Bb2 Nd4 40. Bxd4 cxd4 41. g4 d3 42. b4 d2 43. Nxd2 Rxd2 44. Kg3 f6 45. exf6 Bxf6 46. c5 bxc5 47. bxc5 Rc2 48. Re3 Rxc5 0-1

[Event "Asian Zonal 3.3 Women 2019"]
[Site "Ulaanbaatar"]
[Date "2019.04.08"]
[Round "2.19"]
[White "Anujin, Bat-Amgalan"]
[Black "Lkhagvajed, Gantulga"]
[Result "1-0"]
[WhiteElo "1407"]
[BlackElo "1344"]
[Annotator "NA RC"]
[PlyCount "81"]
[EventDate "2019.04.07"]
[EventType "swiss"]
[EventRounds "9"]
[EventCountry "MGL"]
[SourceTitle "playchess.com"]
[Source "ChessBase"]
[SourceQuality "1"]
[TimeControl "40/5400+30:1800+30"]

1. d4 d5 2. Bf4 c6 3. e3 Nf6 4. Nd2 e6 5. Bd3 Nbd7 6. c3 Be7 7. Ngf3 O-O 8. Ne5 Nxe5 9. dxe5 Nd7 10. h4 f5 11. Nf3 Nc5 12. Bc2 Ne4 13. Bxe4 fxe4 14. Ng5 h6 15. Qg4 hxg5 16. hxg5 g6 17. Qh4 Kf7 18. Qh7+ Ke8 19. Qxg6+ Kd7 20. Rh7 b6 21. Qh6 Ba6 22. g6 Rg8 23. Bg5 Re8 24. Qh4 Rh8 25. Bxe7 Rxh7 26. gxh7 Qxe7 27. h8=Q Rxh8 28. Qxh8 Qe8 29. Qg7+ Qe7 30. Qxe7+ Kxe7 31. Kd2 Kf7 32. Rh1 Kg7 33. f4 Bc8 34. Ke2 Bd7 35. Kf2 Be8 36. g4 Bg6 37. Rd1 a5 38. a4 b5 39. b4 axb4 40. cxb4 bxa4 41. Ra1 1-0

[Event "Asian Zonal 3.3 Women 2019"]
[Site "Ulaanbaatar"]
[Date "2019.04.09"]
[Round "3.1"]
[White "Munguntuul, Batkhuyag"]
[Black "Sihite, Chelsie Monica Igne"]
[Result "1-0"]
[WhiteElo "2415"]
[BlackElo "2227"]
[Annotator "TA"]
[PlyCount "69"]
[EventDate "2019.04.07"]
[EventType "swiss"]
[EventRounds "9"]
[EventCountry "MGL"]
[SourceTitle "playchess.com"]
[Source "ChessBase"]
[SourceQuality "1"]

{[%evp 24,69,9,4,6,-9,13,9,18,-4,3,-33,33,11,30,8,31,32,64,48,53,7,5,26,30,10,240,233,225,248,702,689,687,687,1136,1135,1089,1073,1539,1475,1489,1452,1794,1779,1770,1760,1772,1738]} 1. e4 e5 2. Nf3 Nc6 3. Bb5 g6 4. O-O Bg7 5. c3 {[%cal Bc2c3,Bc3d4,Bd4d5][%mdl 32]} Nge7 6. d4 exd4 7. cxd4 a6 8. Ba4 O-O {C60: Ruy Lopez: Unusual Black 3rd moves and 3...g6} (8... b5 9. Bc2 d5 10. exd5 Nb4 11. Bb3 Nbxd5 12. Nc3 O-O 13. Re1 h6 14. h3 Nxc3 15. bxc3 Bb7 16. Ne5 {½-½ (40) Caruana,F (2816)-Giri,A (2782) Leuven 2018}) 9. d5 Na5 10. Nc3 b5 11. Bc2 d6 12. h3 Bb7 13. Rb1 {[#] LiveBook: 3 Games} Rc8 $146 14. Bf4 Nc4 15. Bb3 Na5 16. Bc2 Nc4 17. Nd2 {[#]} Na3 ({Better is} 17... Nxb2 $1 $15 {[%mdl 512]} 18. Rxb2 Bxc3) 18. bxa3 $14 {[%cal Bb2a3,Ba3a4,Ba4b5,Bb5a6][%mdl 32] aiming for Ne2.} Bxc3 19. a4 c6 20. axb5 cxd5 21. Bh6 $36 {[%mdl 2048] Black is under pressure.} Re8 22. exd5 Nxd5 {And now ...Qh4 would win.} 23. Ne4 Be5 24. Ba4 {[%cal Bc2a4,Ba4e8,Be8f7][%mdl 32] Strongly threatening bxa6.} Nb6 $2 (24... Nf4 $11 25. Bg5 Qc7 26. Bxf4 Bxe4) 25. bxa6 $18 {[%mdl 64] Discovered Attack} Bxe4 26. Bxe8 Nd5 $2 {[#]} (26... Bxb1 27. Qxb1 Nd5) 27. Bxf7+ $1 {White is clearly winning.} Kxf7 28. f3 {[%cal Bf2f3,Bf3e4][%mdl 32]} Nc3 29. fxe4+ {[%mdl 64] Discovered Attack} Kg8 30. Qb3+ Kh8 31. Rf8+ Qxf8 32. Bxf8 Rxf8 33. Re1 Bd4+ 34. Kh1 Be5 {[#]} 35. g3 $1 {Accuracy: White = 53%, Black = 26%.} 1-0

[Event "Asian Zonal 3.3 Women 2019"]
[Site "Ulaanbaatar"]
[Date "2019.04.09"]
[Round "3.2"]
[White "Yanjinlkham, Bayarsaikhan"]
[Black "Mandukhai, Myagmarsuren"]
[Result "1/2-1/2"]
[WhiteElo "1951"]
[BlackElo "1902"]
[Annotator "NA RC"]
[PlyCount "96"]
[EventDate "2019.04.07"]
[EventType "swiss"]
[EventRounds "9"]
[EventCountry "MGL"]
[SourceTitle "playchess.com"]
[Source "ChessBase"]
[SourceQuality "1"]
[TimeControl "40/5400+30:1800+30"]

1. d4 d5 2. c4 c6 3. Nf3 Nf6 4. Nc3 e6 5. g3 Nbd7 6. Bg2 Be7 7. Nd2 O-O 8. O-O Qb6 9. e3 Rd8 10. b3 e5 11. cxd5 cxd5 12. Na4 Qa6 13. dxe5 Nxe5 14. Bb2 Nc6 15. Nf3 Bg4 16. h3 Bh5 17. a3 Rac8 18. Rc1 Ne4 19. b4 b6 20. g4 Bg6 21. Qb3 Nd6 22. Ba1 Bd3 23. Rfe1 Bc4 24. Qd1 b5 25. Nc3 Qxa3 26. Nxd5 Bxd5 27. Qxd5 Nxb4 28. Qe5 Bf6 29. Rxc8 Nxc8 30. Qc7 Nd5 31. Qc1 Qxc1 32. Rxc1 Ncb6 33. Nd4 a6 34. Rc6 Ra8 35. Rd6 Rd8 36. Rc6 a5 37. Rc5 b4 38. Rxa5 Nc3 39. Bxc3 bxc3 40. Rc5 Bxd4 41. exd4 Rxd4 42. Rxc3 g6 43. Bf3 Nc4 44. Kg2 Kg7 45. Be2 Nd6 46. Rd3 Rxd3 47. Bxd3 g5 48. Kg3 h6 1/2-1/2

[Event "Asian Zonal 3.3 Women 2019"]
[Site "Ulaanbaatar"]
[Date "2019.04.09"]
[Round "3.3"]
[White "Ulziikhishigjargal, Ochirkhuyag"]
[Black "Doan, Thi Hong Nhung"]
[Result "1-0"]
[WhiteElo "1843"]
[BlackElo "1938"]
[Annotator "NA RC"]
[PlyCount "53"]
[EventDate "2019.04.07"]
[EventType "swiss"]
[EventRounds "9"]
[EventCountry "MGL"]
[SourceTitle "playchess.com"]
[Source "ChessBase"]
[SourceQuality "1"]
[TimeControl "40/5400+30:1800+30"]

1. e4 e6 2. d4 d5 3. Nd2 b6 4. Ngf3 Nf6 5. e5 Nfd7 6. Bd3 c5 7. c3 Ba6 8. Bxa6 Nxa6 9. O-O Be7 10. Ne1 b5 11. f4 Qb6 12. Nc2 O-O 13. Nf3 b4 14. Ne3 Nc7 15. f5 Nb5 16. Qd3 Rab8 17. f6 gxf6 18. exf6 Bxf6 19. Ng4 cxd4 20. Nxf6+ Nxf6 21. Ng5 Ne4 22. Nxe4 dxe4 23. Qg3+ Kh8 24. Bh6 dxc3+ 25. Kh1 Qd4 26. Rad1 Rg8 27. Qf4 1-0

[Event "Asian Zonal 3.3 Women 2019"]
[Site "Ulaanbaatar"]
[Date "2019.04.09"]
[Round "3.4"]
[White "Hoang, Thi Bao Tram"]
[Black "Aulia, Medina Warda"]
[Result "1/2-1/2"]
[WhiteElo "2298"]
[BlackElo "2362"]
[Annotator "TA"]
[PlyCount "61"]
[EventDate "2019.04.07"]
[EventType "swiss"]
[EventRounds "9"]
[EventCountry "MGL"]
[SourceTitle "playchess.com"]
[Source "ChessBase"]
[SourceQuality "1"]

{[%evp 13,61,0,1,0,18,15,23,10,31,-9,0,-53,16,-17,-17,-17,-20,-17,-18,-31,-16,-22,-22,-22,-22,-20,-18,-21,-26,-29,-20,-21,-15,-6,0,0,0,0,0,0,0,0,0,0,0,0,0,-9,0,0]} 1. d4 e6 2. e3 Nf6 3. Bd3 d5 4. Nf3 c5 5. c3 Nc6 6. Nbd2 Bd6 7. O-O O-O 8. h3 {D05: Colle System with ...e6} (8. dxc5 Bxc5 9. b4 Bd6 10. Bb2 e5 11. e4 Bg4 12. Re1 Bc7 13. h3 Bh5 14. exd5 Qxd5 15. Ne4 Nxe4 16. Bxe4 Qxd1 17. Raxd1 f6 18. Rd7 {0-1 (42) Artemiev,V (2695)-Ponkratov,P (2603) Sochi 2017}) 8... e5 9. dxc5 Bxc5 10. e4 $1 {White has an edge.} h6 11. b4 Bb6 12. a3 ({White should try} 12. a4 $11) 12... Re8 (12... dxe4 $15 13. Nxe4 Bf5) 13. c4 $146 ({Predecessor:} 13. Re1 dxe4 14. Nxe4 Nxe4 15. Bxe4 Qxd1 16. Rxd1 Be6 17. Be3 Bxe3 18. fxe3 {½-½ (29) Schatz,W (2030)-Truempelmann,J (2000) Bayern 1994}) 13... dxe4 14. Nxe4 Bf5 15. Qc2 {[#] And now Nxf6+ would win.} Nxe4 16. Bxe4 Nd4 17. Nxd4 Bxe4 ({Wrong is} 17... Qxd4 $2 18. Bxf5 Qxa1 19. Bb2 $18) 18. Qxe4 {Threatens to win with Nf5.} Qxd4 19. Qxd4 Bxd4 20. Ra2 a5 {[#] Hoping for ...axb4.} 21. Rc2 axb4 22. axb4 {The position is equal.} f5 23. Be3 Red8 24. Rd1 Bxe3 25. Rxd8+ Rxd8 26. fxe3 $11 {KR-KR} Kf7 27. Kf2 Ke6 28. Ke2 e4 29. Rd2 Rc8 30. Rc2 Rd8 31. Rd2 {Accuracy: White = 67%, Black = 45%.} 1/2-1/2

[Event "Asian Zonal 3.3 Women 2019"]
[Site "Ulaanbaatar"]
[Date "2019.04.09"]
[Round "3.5"]
[White "Vo, Thi Kim Phung"]
[Black "Nguyen, Thi Mai Hung"]
[Result "1/2-1/2"]
[WhiteElo "2349"]
[BlackElo "2281"]
[Annotator "TA"]
[PlyCount "62"]
[EventDate "2019.04.07"]
[EventType "swiss"]
[EventRounds "9"]
[EventCountry "MGL"]
[SourceTitle "playchess.com"]
[Source "ChessBase"]
[SourceQuality "1"]

{[%evp 11,62,35,28,0,0,0,0,0,0,-12,14,10,8,0,7,-14,16,0,8,0,0,-3,10,0,0,0,0,0,3,0,0,0,0,0,0,0,0,0,0,0,0,0,0,0,0,0,0,0,0,0,0,0,0]} 1. d4 d5 2. c4 c6 3. Nc3 Nf6 4. cxd5 cxd5 5. Bf4 Nc6 6. e3 a6 7. a3 {D10: Slav Defence: 3 cxd5 (without early Nf3) and 3 Nc3} (7. Be2 e6 8. Rc1 Be7 9. h3 O-O 10. Nf3 b5 11. O-O Bb7 12. Bd3 Rc8 13. Qe2 Qa5 14. a3 b4 15. axb4 Nxb4 {1-0 (75) Li,C (2732)-Duda,J (2724) Liaocheng 2018}) 7... Bf5 {The position is equal.} 8. Bd3 Bxd3 9. Qxd3 e6 10. Nge2 Bd6 11. O-O O-O $146 ({Predecessor:} 11... Bxf4 12. Nxf4 O-O {½-½ (41) Gradalski,B (1583)-Kuczera,M Wroclaw 2013}) 12. h3 Rc8 13. b4 b5 14. Rac1 h6 15. Bxd6 Qxd6 16. Rc2 Rc7 17. Rfc1 Rfc8 18. Nb1 Na7 (18... Nd7 {feels hotter.} 19. Nd2 Nb6 20. Rc5 Qd8 21. Nb3 Nc4) 19. Rxc7 Rxc7 20. Rxc7 Qxc7 21. Qc3 Qxc3 22. Nbxc3 $11 {[%mdl 4096] Endgame KNN-KNN} Kf8 23. Nc1 Nd7 24. Nd3 Nb6 25. Nc5 Nc4 26. a4 bxa4 27. N3xa4 a5 $1 28. bxa5 Nxa5 29. g3 Nc4 30. Kg2 Nd2 31. Nc3 Nc6 {Accuracy: White = 47%, Black = 69%.} 1/2-1/2

[Event "Asian Zonal 3.3 Women 2019"]
[Site "Ulaanbaatar"]
[Date "2019.04.09"]
[Round "3.6"]
[White "Tsogzolmaa, Nanjid"]
[Black "Munkhzul, Turmunkh"]
[Result "1/2-1/2"]
[WhiteElo "1815"]
[BlackElo "2348"]
[Annotator "TA"]
[PlyCount "121"]
[EventDate "2019.04.07"]
[EventType "swiss"]
[EventRounds "9"]
[EventCountry "MGL"]
[SourceTitle "playchess.com"]
[Source "ChessBase"]
[SourceQuality "1"]

{[%evp 18,121,12,8,24,18,28,30,30,3,0,0,0,0,0,-12,0,0,14,-95,-92,-90,-86,-79,-84,-85,-27,-64,-77,-73,-72,-70,-72,-102,-97,-90,-100,-105,-101,-80,-74,-136,-135,-287,-123,-131,-18,-25,-18,-18,0,-26,-18,-98,-23,-32,0,0,0,-6,0,0,0,0,0,0,0,0,0,0,0,0,0,0,0,0,0,0,0,0,0,0,0,0,0,0,0,0,0,0,0,0,0,0,0,0,0,0,0,0,0,0,0,0,0,0]} 1. d4 Nf6 2. Nf3 b6 3. Bf4 Bb7 4. e3 e6 5. h3 Be7 6. Nbd2 O-O 7. Bd3 d5 8. O-O c5 9. c3 Nbd7 10. Qb1 Rc8 {D02: 1 d4 d5 2 Nf3 sidelines, including 2...Nf6 3 g3 and 2...Nf6 3 Bf4} (10... c4 11. Bc2 b5 12. b3 Ba6 13. b4 Bb7 14. a4 a5 15. bxa5 Qxa5 16. Qxb5 Qxc3 17. Bxh7+ Kxh7 18. Qxb7 {1-0 (72) Dubov,D (2648)-Artemiev,V (2663) Sochi 2016}) 11. b4 cxb4 12. cxb4 Rc3 {White has an edge.} 13. a3 $146 ({Predecessor:} 13. Ne5 h6 14. Qb2 Rc8 15. Rac1 Nxe5 16. Bxe5 Qd7 17. a3 a6 18. Be2 {1-0 (30) Simpson,W-Karabiyik,O IECC email 1997}) 13... Qa8 14. Rc1 Rfc8 15. Rxc3 Rxc3 16. Ne5 h6 17. Nxd7 Nxd7 18. e4 (18. Nb3 $11) 18... dxe4 $17 19. Bxe4 Nf6 20. Bxb7 Qxb7 21. Be5 Qd5 (21... Nd5 $17 22. Ne4 Rc6) 22. Qe1 Nd7 23. Nf3 Rc4 24. Rc1 b5 25. Rxc4 bxc4 26. Qc3 Nb6 27. Nd2 Bg5 28. f4 Bd8 29. Bb8 (29. Qf3 $142) 29... Qd7 30. Nf3 $2 {[#]} (30. Be5 $17 {was worth a try.}) 30... f6 (30... Qb5 $19 {...Nd5 is the strong threat.} 31. Bxa7 Nd5 {[%mdl 64] Double Attack}) 31. Nd2 Be7 (31... a6 $17 32. Nf1 (32. Nxc4 $2 Qc6 $19) 32... Be7) 32. f5 $1 $11 ({But not} 32. Nxc4 Qc6 $17) 32... Qb7 33. Bg3 Qc6 34. fxe6 Qxe6 35. Bf2 (35. Nf1 $11) 35... Qd5 (35... Qe2 $17) 36. Bg3 f5 37. Bc7 {The position is equal.} Bg5 38. Nf3 Na4 39. Qc2 Be3+ 40. Kh1 Nb6 41. Bxb6 axb6 42. Ne5 Bxd4 43. Qxc4 Qxc4 44. Nxc4 {[%mdl 4096] Endgame KB-KN} Kf7 45. a4 Ke6 {Hoping for ...Kd5.} 46. a5 bxa5 47. bxa5 Kd5 48. Na3 Bf2 49. a6 Kc6 50. Nc4 f4 51. g4 fxg3 52. Kg2 h5 53. h4 Kb5 54. Nd6+ Kxa6 55. Nf5 g6 56. Ne7 Kb6 {Threatening ...Bc5.} 57. Nxg6 Kc6 58. Nf4 Kd6 59. Nxh5 Ke5 60. Nxg3 Bxg3 61. Kxg3 {Accuracy: White = 58%, Black = 50%.} 1/2-1/2

[Event "Asian Zonal 3.3 Women 2019"]
[Site "Ulaanbaatar"]
[Date "2019.04.09"]
[Round "3.7"]
[White "Mungunzul, Bat-Erdene"]
[Black "Sukandar, Irine Kharisma"]
[Result "0-1"]
[WhiteElo "1906"]
[BlackElo "2384"]
[Annotator "TA"]
[PlyCount "82"]
[EventDate "2019.04.07"]
[EventType "swiss"]
[EventRounds "9"]
[EventCountry "MGL"]
[SourceTitle "playchess.com"]
[Source "ChessBase"]
[SourceQuality "1"]

{[%evp 17,82,18,16,0,0,0,1,0,0,-10,30,-33,0,-97,-94,-105,-93,-141,-163,-140,-125,-224,-232,-222,-168,-340,-326,-352,-252,-456,-458,-445,-439,-435,-418,-698,-702,-755,-740,-963,-944,-947,-726,-725,-726,-1667,-1637,-1586,-1602,-1225,-1218,-1755,-1318,-1479,-1300,-29991,-1523,-1540,-1540,-1322,-1306,-1262,-1250,-1168,-1160,-1152,-1141]} 1. d4 Nf6 2. c4 b6 3. Nf3 Bb7 4. e3 e6 5. Bd3 d5 6. O-O Bd6 7. b3 O-O 8. Bb2 c5 9. Nc3 Nbd7 10. Nb5 {E14: Queen's Indian: Classical Variation (4 e3)} (10. cxd5 Nxd5 11. Nxd5 Bxd5 12. e4 Bb7 13. d5 exd5 14. exd5 Nf6 15. Qc2 Bxd5 16. Bxf6 Qxf6 17. Bxh7+ Kh8 18. Be4 Bxe4 19. Qxe4 Rfe8 20. Qc2 Re6 21. Rae1 Rae8 22. Rxe6 Rxe6 23. Rd1 Qf4 24. Qd3 g6 {½-½ (24) Real de Azua,E (2496)-Pichot,A (2564) Villa Martelli 2018}) 10... Bb8 11. Qe2 $146 ({Predecessor:} 11. a4 a6 12. Na3 Qc7 13. Ne5 Ne4 14. f4 f5 15. Bxe4 fxe4 {1-0 (37) Cherednichenko,E (2134)-Truskavetsky,A (2391) Alushta 2009}) 11... a6 12. Nc3 {The position is equal.} dxc4 13. bxc4 Qc7 14. g3 (14. d5 $11) 14... cxd4 15. Nxd4 {[#]} (15. exd4 $11 {remains equal.} Qc6 16. Kg2) 15... Ne5 $1 $36 {[%mdl 2048] Black is in control.} 16. Rac1 Rd8 {...Rxd4! is the strong threat.} 17. f4 Nxd3 18. Qxd3 Ba7 19. Nce2 (19. Rfd1 $17) 19... Rac8 20. Qa3 Bb8 21. Qa4 $2 (21. Nf3) 21... Qc5 $19 22. Qb3 Ba8 23. f5 $2 (23. Nf3 {might work better.}) 23... e5 24. Ba3 Qc7 25. Nf3 Qb7 26. Qc2 (26. Nc3 $142 Rd3 27. Qb2) 26... Ng4 27. Qb3 Qe4 28. Qxb6 Nxe3 29. Rf2 Ng4 30. Nc3 Qxf5 31. Rff1 Bxf3 32. Nd5 Qh5 {[%csl Gg4][%cal Rh5h2]} 33. Ne7+ Kh8 {[%csl Gg4][%cal Rh5h2]} 34. Rc2 Rc7 35. Bc5 Rcd7 36. Rxf3 Ba7 (36... Rd1+ $142 37. Rf1 Rxf1+ 38. Kxf1 Rd1+ 39. Kg2 Qxh2+ 40. Kf3 {[#]} e4+ $1 {[%mdl 576] Decoy} 41. Kxe4 Qxc2+ {[%mdl 64] Double Attack} 42. Kf3 Rd3+ 43. Be3 Nh2+ 44. Ke4 Rd8#) 37. Qxd8+ {Black is clearly winning.} Rxd8 38. Bxa7 Rd1+ 39. Rf1 Rxf1+ 40. Kxf1 {[#]} Ne3+ $1 {[%mdl 512]} 41. Bxe3 Qd1+ {[%mdl 64] Double Attack. Accuracy: White = 27%, Black = 71%.} 0-1

[Event "Asian Zonal 3.3 Women 2019"]
[Site "Ulaanbaatar"]
[Date "2019.04.09"]
[Round "3.8"]
[White "Pham, Le Thao Nguyen"]
[Black "Munkhzul, Davaakhuu"]
[Result "1-0"]
[WhiteElo "2383"]
[BlackElo "1793"]
[Annotator "TA"]
[PlyCount "41"]
[EventDate "2019.04.07"]
[EventType "swiss"]
[EventRounds "9"]
[EventCountry "MGL"]
[SourceTitle "playchess.com"]
[Source "ChessBase"]
[SourceQuality "1"]

{[%evp 24,40,63,63,55,66,2565,2636,2137,2030,29994,29995,29995,29996,29997,29998,29998,29999,29999]} 1. d4 Nf6 2. Nf3 d5 3. Bf4 e6 4. e3 Bd6 5. Bg3 O-O 6. Nbd2 c5 7. c3 Nc6 8. Bd3 b6 9. e4 {D02: 1 d4 d5 2 Nf3 sidelines, including 2...Nf6 3 g3 and 2...Nf6 3 Bf4} (9. Qe2 Bb7 10. Rd1 Re8 11. e4 Be7 12. e5 Nh5 13. h4 cxd4 14. Nxd4 Nxg3 15. fxg3 Bc5 16. N2f3 f5 {½-½ (45) Esipenko,A (2593)-Karjakin,S (2753) St Petersburg 2018}) 9... dxe4 10. Nxe4 Nxe4 11. Bxe4 Bb7 12. dxc5 Bxc5 13. Qa4 {LiveBook: 15 Games} Rc8 14. Rd1 Qe8 $2 {[%mdl 8192] [#]} (14... Qe7 $14) 15. Bxh7+ $1 $18 {[%mdl 512]} Kh8 $146 (15... Kxh7 16. Qh4+) ({Predecessor:} 15... Kxh7 16. Qh4+ {1-0 (16) Grachev,B (2652)-Gorodetzky,D (2342) Minsk 2015}) 16. Qh4 {White wants to mate with Bg6+.} Qe7 17. Qh5 {White mates.} Be3 18. fxe3 Rfd8 19. Bg6+ Kg8 20. Qh7+ Kf8 21. Qh8# 1-0

[Event "Asian Zonal 3.3 Women 2019"]
[Site "Ulaanbaatar"]
[Date "2019.04.09"]
[Round "3.9"]
[White "Nguyen, Thi Thanh An"]
[Black "Enkhsaran, Batsaikhan"]
[Result "1-0"]
[WhiteElo "2264"]
[BlackElo "1792"]
[Annotator "TA"]
[PlyCount "55"]
[EventDate "2019.04.07"]
[EventType "swiss"]
[EventRounds "9"]
[EventCountry "MGL"]
[SourceTitle "playchess.com"]
[Source "ChessBase"]
[SourceQuality "1"]

{[%evp 21,55,36,78,77,81,75,83,77,68,73,95,64,107,111,151,60,115,114,133,118,129,122,566,562,784,782,724,407,415,413,402,410,399,394,373,377]} 1. Nf3 d5 2. c4 c6 3. d4 Nf6 4. e3 e6 5. Bd3 Nbd7 6. O-O Bd6 7. Nbd2 O-O 8. e4 dxe4 9. Nxe4 Nxe4 10. Bxe4 h6 11. Bc2 c5 12. Qd3 {[%csl Gc2][%cal Rd3h7] D46: Semi-Slav: 5 e3 Nbd7 6 Bd3, Black avoids the Meran} Nf6 13. Ne5 (13. Rd1 cxd4 14. Nxd4 Qc7 15. g3 Bd7 16. b3 Rfd8 17. Bb2 Bc5 18. Qe2 Qb6 19. Rd2 e5 20. Qxe5 {0-1 (37) Ribli,Z (2584)-Spoelman,W (2578) Germany 2013}) 13... cxd4 14. Bf4 {Hoping for Ng4!White is better.} Re8 $146 ({Predecessor:} 14... Bc5 15. Rfe1 Re8 16. Rad1 Bd7 17. Bg3 Bc6 18. Bh4 Kf8 19. f3 Rc8 20. a3 {1-0 (47) Guo,Q (2417)-Ren,X (2287) Beijing 2017}) 15. Qxd4 $40 {[%mdl 128] Strongly threatening Nxf7! White is out for blood.} Bc7 16. Qe3 Qe7 17. Rad1 Bd7 18. Bg3 (18. Qg3 $16) 18... Bb6 (18... Bc6 $14) 19. Qf3 $16 Red8 20. Qxb7 Qb4 {[#] Threatens to win with ...Bxf2+!} 21. Qf3 $1 ({Worse is} 21. Rxd7 Nxd7 22. Qe4 Nf6 $15) 21... Qxb2 $2 {[%mdl 8192]} (21... Rac8 $16 {is tougher.}) 22. Rd2 $18 Qb4 {[#]} 23. Rxd7 $1 {[%mdl 512]} Qb2 (23... Rxd7 24. Nxd7) 24. Qb3 Qxb3 {White is winning.} 25. Rxd8+ Rxd8 26. Bxb3 ({But not} 26. axb3 Rd2 $18) 26... Ne4 27. Rd1 Rxd1+ 28. Bxd1 {Accuracy: White = 65%, Black = 27%.} 1-0

[Event "Asian Zonal 3.3 Women 2019"]
[Site "Ulaanbaatar"]
[Date "2019.04.09"]
[Round "3.10"]
[White "Udval, Enkhsaikhan"]
[Black "Altantuya, Boldbaatar"]
[Result "0-1"]
[WhiteElo "1761"]
[BlackElo "2223"]
[Annotator "TA"]
[PlyCount "86"]
[EventDate "2019.04.07"]
[EventType "swiss"]
[EventRounds "9"]
[EventCountry "MGL"]
[SourceTitle "playchess.com"]
[Source "ChessBase"]
[SourceQuality "1"]

{[%evp 20,85,53,53,68,34,45,-29,0,0,2,2,0,-25,-43,-54,-73,-71,-48,-65,-21,-94,-94,-104,-105,-106,-96,-89,-91,-157,-167,-197,-96,-128,-128,-136,-119,-136,-127,-122,-122,-150,-139,-181,-180,-140,-127,-241,-238,-223,-218,-208,-202,-323,-317,-6275,-738,-1534,-1188,-766,-754,-29991,-29989,-29989,-29990,-29990,-29991,-29999]} 1. d4 Nf6 2. c4 e6 3. Nc3 Bb4 4. Nf3 b6 5. Bg5 Bb7 6. e3 O-O 7. Bd3 h6 8. Bh4 d6 9. O-O Bxc3 10. bxc3 Nbd7 11. Nd2 Rc8 {E13: Queen's Indian/Nimzo-Indian hybrid: 4 Nc3 Bb7 5 Bg5 h6 6 Bh4 Bb4} (11... Re8 12. f4 c5 13. e4 cxd4 14. cxd4 e5 15. fxe5 dxe5 16. d5 Qe7 17. Rc1 Qd6 18. Kh1 Rf8 19. Rc3 {1-0 (46) Sasikiran,K (2694)-Aveskulov,V (2544) Beijing 2008}) 12. Qc2 c5 13. Be4 $146 (13. Rfb1 $14) ({Predecessor:} 13. Qa4 Qc7 14. f3 Rfe8 15. Rab1 Bc6 16. Qa3 Ba8 17. Rfd1 Kh8 18. Nf1 Rg8 19. Qc1 Rce8 20. Rb2 {½-½ (51) Ulko,J (2469)-Ageichenko,G (2391) Moscow 2009}) 13... Qc7 {Black has an edge.} 14. Bxb7 Qxb7 15. Rfc1 Rc7 16. Qb2 Rfc8 17. a4 Ne4 18. Nxe4 Qxe4 19. Bg3 Rc6 20. Qe2 (20. a5 $11 {remains equal.}) 20... cxd4 $17 21. cxd4 d5 $1 22. f3 Qg6 23. c5 bxc5 24. dxc5 ({White should play} 24. Qb5) 24... Nxc5 25. Rc3 {[#]} Kh7 (25... Nxa4 $1 $19 {[%mdl 512]} 26. Rxc6 (26. Rxa4 Rxc3) 26... Rxc6) 26. Be1 Nd7 27. Rac1 Rxc3 28. Rxc3 Rxc3 29. Bxc3 Qb1+ 30. Kf2 Nc5 31. a5 Nd3+ 32. Kg3 e5 33. f4 (33. h3 $17) 33... exf4+ $19 34. exf4 Nc5 35. Bd4 Ne4+ 36. Kh4 (36. Kh3 $142 Qb4 37. Bxa7) 36... Qb4 {[%mdl 64] Double Attack} 37. Qb2 $2 (37. Qd1) 37... g5+ (37... Qe1+ $142 38. g3 g5+ 39. Kg4 Qd1+ 40. Kf5 Qh5) 38. fxg5 hxg5+ 39. Kg4 Qe1 40. g3 Kg6 {Black mates.} 41. Qc2 f5+ 42. Kf3 Nd2+ 43. Kg2 Qf1# {Accuracy: White = 35%, Black = 63%.} 0-1